Statistics for Capitals Between London and Berlin

Click here to take the quiz!

General Stats

  • This quiz has been taken 85 times
  • The average score is 16 of 25

Answer Stats

longitude eastcapital% Correct
4 21'Brussels
100%
4 54'Amsterdam
99%
2 21'Paris
96%
6 07'Luxembourg
88%
12 30'Rome
88%
12 34'Copenhagen
84%
7 27'Bern
83%
10 45'Oslo
83%
7 25'Monaco
78%
3 13'Algiers
76%
10 11'Tunis
76%
12 27'San Marino
74%
9 31'Vaduz
74%
12 27'Vatican City
64%
13 11'Tripoli
54%
7 29'Abuja
49%
1 30'Andorra La Vella
45%
2 06'Niamey
38%
13 14'Luanda
37%
6 41'Sao Tome
34%
11 31'Yaounde
34%
9 27'Libreville
33%
1 13'Lome
33%
2 26' / 2 36'Cotonou / Porto-Novo
32%
8 47'Malabo
28%

Score Distribution

Percentile by Number Answered

Percent of People with Each Score

Your Score History

You have not taken this quiz